Τα πλεονεκτήματα των προγραμμάτων πιστότητας στα super markets : η περίπτωση της Χίου : [μεταπτυχιακή εργασία]
Αποθηκεύτηκε σε:
| Κύριος συγγραφέας: | |
|---|---|
| Συγγραφή απο Οργανισμό/Αρχή: | |
| Άλλοι συγγραφείς: | |
| Μορφή: | Thesis Βιβλίο |
| Γλώσσα: | Greek |
| Δημοσίευση: |
2010
|
| Θέματα: | |
| Ετικέτες: |
Προσθήκη ετικέτας
Δεν υπάρχουν, Καταχωρήστε ετικέτα πρώτοι!
|
MARC
| LEADER | 00000cam a2200000 i 4500 | ||
|---|---|---|---|
| 001 | 1/13229 | ||
| 008 | 110524s2010 gre d | ||
| 035 | |l 10110116 | ||
| 040 | |a GR-MY-UA |b gre |e aacr | ||
| 041 | 0 | |a gre | |
| 082 | 0 | |a 658.878 |2 (22) | |
| 100 | 1 | |a Ευωδιά, Θεοδοσία. | |
| 245 | 1 | 3 | |a Τα πλεονεκτήματα των προγραμμάτων πιστότητας στα super markets : |b η περίπτωση της Χίου : [μεταπτυχιακή εργασία] / |c Ευωδιά Θεοδοσία ; επιβλέπων καθηγητής: Δρ Ευάγγελος Χρήστου |
| 260 | |c 2010 | ||
| 300 | |a 158 σ.; |b διαγρ., πίν.; |c 30 εκ. | ||
| 502 | # | # | |a Διατριβή (μεταπτυχιακή) – Πανεπιστήμιο Αιγαίου, Χίος, 2010. |
| 504 | |a Περιλαμβάνει βιβλιογραφία. | ||
| 650 | 0 | 0 | |a Customer relations |x Management. |
| 650 | 0 | 0 | |a Loyalty. |
| 650 | 0 | 0 | |a Supermarkets |z Greece |z Chios Island. |
| 650 | 0 | 0 | |a Dissertations, Academic |z Greece. |
| 700 | 1 | |4 ths |a Χρήστου, Ευάγγελος Σ. | |
| 710 | 1 | |a Πανεπιστήμιο Αιγαίου |b Σχολή Επιστημών της Διοίκησης |b Τμήμα Διοίκησης Επιχειρήσεων |b Πρόγραμμα Μεταπτυχιακών Σπουδών στη Διοίκηση Επιχειρήσεων - M.B.A. | |
| 852 | |a INST |b CHIOS |c DIATR |e 20110524 |h 658.878 ΕΥΩ |p 005200031201 |q 005200031201 |t MTXE |y 23 | ||
| 852 | |a INST |b CHIOS |c DIATR |e 20110524 |h 658.878 ΕΥΩ |p 005200031202 |q 005200031202 |t MTXE |y 23 | ||
| 901 | |a BIBL2-2011-2 | ||
| 909 | |a Χ |b 149327 | ||
| 909 | |a Χ |b 149328 | ||
| 924 | |a ΕΥΩΔΙΑ |b ΘΕΟΔΟΣΙΑ |y ΧΙΟΣ |z 2001-01 | ||
| 970 | |a ΠΑΡΟΙΚΑΚΗ |b ΒΑΣΙΛΙΚΗ |z 2011/05/24 | ||